[Event "Girona Gerunda Sarria Ter4th"]
[Site "Girona"]
[Date "2019.04.05"]
[Round "2.7"]
[White "Clot Chico, Arnau"]
[Black "Garriga Roca, Pere"]
[Result "1/2-1/2"]
[WhiteElo "1993"]
[BlackElo "1648"]
[PlyCount "63"]
[EventDate "2019.03.29"]
[EventType "swiss"]
[EventRounds "9"]
[EventCountry "ESP"]
[SourceTitle "EXT 2024"]
[Source "ChessBase"]
[SourceDate "2023.10.10"]
[SourceVersion "1"]
[SourceVersionDate "2023.10.10"]
[SourceQuality "1"]

1. e4 d5 2. exd5 Qxd5 3. Nc3 Qa5 4. d4 Nf6 5. Nf3 Bf5 6. Be2 c6 7. 0-0 e6 8. Bf4 Nbd7 9. a3 Qd8 10. Re1 Be7 11. Nh4 Bg6 12. Nxg6 hxg6 13. Bf3 Nb6 14. Ne4 Nxe4 15. Bxe4 Bd6 16. Qf3 Qc7 17. Be5 0-0-0 18. Qg3 Nc4 19. Bf3 Nxe5 20. dxe5 Be7 21. b4 Qb6 22. Qf4 f5 23. Qc4 Kb8 24. b5 Rd2 25. Rf1 Bc5 26. bxc6 Rxf2 27. c7+ Kc8 28. Rxf2 Bxf2+ 29. Kh1 Bg3 30. h3 Bxe5 31. Qf1 Bxa1 32. Qxa1 1/2-1/2